Sports Quiz

Random Sports or WWE Quiz

WWF/WWE Hardcore Champions Quiz Stats

 Plays Quiz Updated Apr 30, 2019

Score 0/52 Timer 09:00
14 Plays Today
Champion % Correct
Mankind
86%
Hardcore Holly
79.3%
Crash Holly
77.3%
Kane
75.2%
Mighty Molly
70.3%
Undertaker
69.9%
Godfather's Ho
69.2%
Rob Van Dam
64.4%
Jeff Hardy
62.4%
Big Show
61.6%
Matt Hardy
60.8%
Christian
58.8%
Raven
57%
Al Snow
54.3%
Bubba Ray Dudley
53.8%
Billy Gunn
53.2%
Shane McMahon
50.7%
Big Boss Man
50.4%
Road Dogg
49.6%
Test
49.5%
Chris Jericho
48.8%
Steve Blackman
47.4%
Tommy Dreamer
46.2%
Hurricane
45.7%
Kurt Angle
45.3%
Maven
43.6%
Champion % Correct
Tazz
42.9%
Bradshaw
41.9%
Rhyno
40.4%
Goldust
40.1%
Perry Saturn
36.1%
Booker T
32.4%
Gerald Brisco
32.1%
Viscera
31.4%
Pat Patterson
31.1%
William Regal
29.8%
Trish Stratus
29.8%
Steven Richards
29.3%
Spike Dudley
28.1%
Pete Gas
27.3%
Davey Boy Smith
23.4%
Rodney
21.6%
Funaki
21.4%
Terri
19.9%
Mike Awesome
19.2%
Thrasher
17.9%
Justin Credible
16.9%
Joey Abs
16%
Shawn Stasiak
15.8%
K-Kwik
14.8%
Christopher Nowinski
10.8%
Johnny Stamboli
10.3%

You're not logged in!

Compare scores with friends on all Sporcle quizzes.
OR
Log In

Sporcle TV

Today on Sporcle TV


Watch our educational content, quiz creation guides, and fun videos on Sporcle TV.

Show Comments

Extras

Top Quizzes Today


Score Distribution

Your Account Isn't Verified!

In order to create a playlist on Sporcle, you need to verify the email address you used during registration. Go to your Sporcle Settings to finish the process.

Report this User

Report this user for behavior that violates our Community Guidelines.

Details: